000 00309nam a22001337a 4500
008 210309b ||||| |||| 00| 0 eng d
041 _aeng
080 _a51
082 _a51
100 _a36
101 _aMAT
245 _aFoundations of Euclidean and non-euclidean Geometry
_cGolos, E.B
942 _2udc
_cBK
999 _c56045
_d56045